| 000 | 00828nam a22002297a 4500 | ||
|---|---|---|---|
| 999 |
_c20360 _d20360 |
||
| 003 | AR-CdUCM | ||
| 008 | 190529b ||||| |||| 00| 0 spa d | ||
| 040 |
_aMUNICIPALIDAD PROVINCIAL DEL CUSCO _cBIBLIOTECA MUNICIPAL DEL CUSCO |
||
| 041 | _heng | ||
| 082 |
_a348.8 / _bE92 |
||
| 110 |
_aCentro Regional de Ayuda Tecnica. _910048 |
||
| 245 |
_aInvestigación de suelos : _bMétodos de laboratorio y procedimientos para recoger muestras / |
||
| 260 |
_aMexico : _bTrillas, _c1973. |
||
| 300 |
_a90 páginas ; _c28 cm. _bFiguras. |
||
| 505 | _aContenido : Obtención y preparación de muestras -- Convencionalismo -- Análisis de tamaño de partículas... | ||
| 650 |
_aSuelos _919092 |
||
| 650 |
_aQuímica _94512 |
||
| 650 |
_aMineralogía _923644 |
||
| 650 |
_aIones _942580 |
||
| 942 |
_2ddc _cLIBROS |
||
| 945 | _aJavier | ||